000 02534cam a22005894i 4500
003 PE-LiUPU
005 20250731165449.0
008 050405s2016 sp a rb 000 0 spa d
020 _a9782409002656
035 _a(Sirsi) a204112
040 _aESALI
_bspa
_cESALI
_dPE-LiUPU
_erda
049 _aPRUA
082 0 4 _a005.8
_bE12
_220
082 0 4 _a005.8
_bE12 2016
100 1 _aEbel, Franck,
_eautor.
245 1 0 _aHacking y forensic :
_bDesarrolle sus propias herramientas en Python /
_cFranck Ebel ; traductor Javier Olivares Serrano.
250 _aPrimera edición.
264 1 _aBarcelona :
_bENI,
_c2016.
300 _a474 páginas :
_bilustraciones ;
_c21 centímetros.
336 _atext
_2rdacontent
337 _aunmediated
_2rdamedia
338 _avolume
_2rdacarrier
505 0 _aPython: los fundamentos -- La red: la librería scapy -- Depuración en windows -- El fuzzing -- Tratamiento de imágenes -- Un poco mas sobre la web -- Análisis forense.
526 _aSEG44
526 _aSEG26
526 _aP151
526 _aP150
526 _aP149
526 _aP146
526 _aP145
526 _aP126
526 _aP125
526 _aP92
526 _aP75
526 _aP74
526 _aP27
526 _aP15
541 _g0020-0002446;
541 _g001-0042354;
541 _g003-001190;
650 4 _aHacking.
650 4 _aSeguridad.
910 _adbm
_bncf
_cncf
_d20180131
910 _armch
_bwelc
_cwelc
_d20180219
942 _2ddc
_cBOOK
949 _a005.8 E12 2016
_wDEWEY
_c1
_iFJ10318
_lCCODEBUJ1
_mBUJ
_p86.50
_r0
_sY
_tBOOK
_u2018-02-19
_xINGENIERIA
_PP27
_0COMPRA
_o.STAFF. Colección General Juliaca
994 _aC0
_bPEPRU
596 _a1 3
999 _a005.8 E12
_wLC
_c20490
_i76025
_d20490
_e2018-3-9
_f2021-11-9
_g4
_lCCODEBUL1
_mBUL
_n2
_p77.59
_q1
_r0
_sY
_tBOOK
_u2017-5-29
_xINGENIERIA
_PP27
_0COMPRA
_o.STAFF. Colección Ingeniería y Arquitectura
999 _a005.8 E12
_wLC
_c2
_i78280
_d2019-11-27
_e2019-11-21
_f2021-11-9
_g4
_lCCODEBUL1
_mBUL
_n7
_p87.39
_r0
_sY
_tBOOK
_u2018-1-31
_xINGENIERIA
_PP24
_0COMPRA
_o.STAFF. Colección Ingeniería y Arquitectura
999 _a005.8 E12 2016
_wDEWEY
_c1
_iFJ10318
_d2019-3-20
_e2019-3-17
_f2021-12-27
_g3
_lCCODEBUJ1
_mBUJ
_n2
_p86.50
_q3
_r0
_sY
_tBOOK
_u2018-2-19
_xINGENIERIA
_PP27
_0COMPRA
_o.STAFF. Colección General Juliaca
980 _81
_gALBERTO SANCHEZ Responsable de Automatización